Proteccin̤ de Datos Personales

Bibliographic Details
Main Author: Rosales Ortiz, Mariano Carlos
Format: eBook
Language:Spanish
Published: Ciudad de Mx̌ico: Aqua Ediciones S.A. de C.V., 2017
Subjects:
Online Access:Acceso restringido

MARC

LEADER 00000nam a22000007a 4500
005 2018102603463.0
007 cr|||| ||||
008 181026s2017 mx |||||s|||| 00||0 spa d
020 |a 978-607-9316-56-3 
035 |a 22051 
040 |a vLex 
090 |c 8177  |d 8177 
100 1 |a Rosales Ortiz, Mariano Carlos 
245 1 0 |a Proteccin̤ de Datos Personales  |h [Recurso electrn̤ico] /  |c Mariano Carlos Rosales Ortiz 
256 |a Servicio en ln̕ea 
260 |a Ciudad de Mx̌ico:  |b Aqua Ediciones S.A. de C.V.,  |c 2017 
300 |a 1 recurso electrn̤ico 
506 1 |a Disponible solo en los productos indicados  |d vLex Global  |d vLex Global (Academic Edition, excluding Law Schools)  |d vLex Global (U.S. Academic Edition, Law Schools)  |d vLex Global (U.S. Academic Edition, excluding Law Schools)  |d vLex Global (Academic Edition, Law Schools) 
650 0 4 |a Derecho Civil  |z Mx̌ico 
650 0 4 |a Persona  |z Mx̌ico 
740 0 |a vLex Libros (Servicio en ln̕ea) 
856 4 0 |u http://vlex.com/source/proteccion-de-datos-personales-22051  |z Acceso restringido 
942 |c BOOK 
999 0 |a Civil Law 
999 0 |a Person